000 00480nam a2200181Ia 4500
003 GCL
008 140319s9999 xx 000 0 eng d
040 _aGCL /
_cGCL
082 0 4 _a797.2
_bC J
100 1 _aCLINCLY, RCHARD
245 1 0 _aJEPPESEN'S ADVANCED SPORT DIVER MANUAL /
_cCLINCLY, RCHARD
700 1 _aEGSTROM, GLEN
260 _a[S.N] :
_bMOSBY LIFELINE ،
_c1993
650 0 4 _aKINESIOLOGY
650 0 4 _aDIVING, SUBMARINE
650 0 4 _aSNORKELING
942 _2ddc
_cBK
999 _c20727
_d20727